00425nam a22001337a 450000500170000002000360001703500120005303700130006510000200007824501220009825000100022026000420023030000190027220120223120520.0 a8170003423c1500.00 (set price) aB-92473 aDPLbENG aDhiman, Anil K. aBasics of information technology for librarians and information scientists :bFundamentals of IT /cby Anil K. Dhiman aVol.I aNew DelhibEss Ess Publicationsc2003 a338p.c20 cms.